Patented inventions of the CSIR; (Record no. 67363)
[ view plain ]
| 000 -LEADER | |
|---|---|
| fixed length control field | 00700cam a22002051 4500 |
| 001 - CONTROL NUMBER | |
| control field | sa 66000646 |
| 003 - CONTROL NUMBER IDENTIFIER | |
| control field | DLC |
| 005 - DATE AND TIME OF LATEST TRANSACTION | |
| control field | 20260227112216.0 |
| 008 - FIXED-LENGTH DATA ELEMENTS--GENERAL INFORMATION | |
| fixed length control field | 750610s1965 xx 000 0 eng |
| 010 ## - LIBRARY OF CONGRESS CONTROL NUMBER | |
| LC control number | sa 66000646 |
| 035 ## - SYSTEM CONTROL NUMBER | |
| System control number | (OCoLC)1382121 |
| 040 ## - CATALOGING SOURCE | |
| Original cataloging agency | DLC |
| Transcribing agency | NSyU |
| Modifying agency | OCoLC |
| -- | DLC |
| 042 ## - AUTHENTICATION CODE | |
| Authentication code | premarc |
| 050 00 - LIBRARY OF CONGRESS CALL NUMBER | |
| Classification number | T303 |
| Item number | .B332 |
| 110 2# - MAIN ENTRY--CORPORATE NAME | |
| Corporate name or jurisdiction name as entry element | Council of Scientific & Industrial Research (India) |
| 245 10 - TITLE STATEMENT | |
| Title | Patented inventions of the CSIR; |
| Remainder of title | a compilation of brief particulars concerning the patent specifications of the Council of Scientific & Industrial Research for the period 1940-1964. |
| 260 ## - PUBLICATION, DISTRIBUTION, ETC. | |
| Place of publication, distribution, etc. | New Delhi |
| Date of publication, distribution, etc. | [1965] |
| 300 ## - PHYSICAL DESCRIPTION | |
| Extent | 228 p. |
| Other physical details | illus. |
| Dimensions | 25 cm. |
| 650 #0 - SUBJECT ADDED ENTRY--TOPICAL TERM | |
| Topical term or geographic name entry element | Patents |
| Geographic subdivision | India. |
No items available.